000 00533nam a2200205Ia 4500
003 GCL
008 140319s9999 xx 000 0 eng d
040 _aGCL /
_cGCL
082 0 4 _a428
_bF F
100 1 _aGOWERS, ERNEST
245 1 0 _aFOWLER'S MODERN ENGLISH USAGE /
_cGOWERS, ERNEST
700 1 _aFOWLER, H.W
260 _a[S.N] :
_bOXFORD UNIVERSITY PRESS ،
_c1965
300 _a725 P
650 0 4 _aENGLISH LANGUAGE
650 0 4 _aLANGUAGES
650 0 4 _aENGLISH USAGE
650 0 4 _aMODERN ENGLISH USAGE
942 _2ddc
_cBK
999 _c13493
_d13493